| 000 | 01049nam a2200241 i 4500 | ||
|---|---|---|---|
| 001 | bg | ||
| 245 | 0 | 0 |
_aRola parków narodowych w ochronie szaty roślinnej i krajobrazu Polski / _cZygmunt Denisiuk [et.al.]. |
| 260 |
_aKraków : _b"Secesja", _c1991. |
||
| 300 |
_a87, [1] s. : _b2 mapy, 1 wykr. ; _c24 cm. |
||
| 490 | 1 |
_aStudia Naturae. Seria A - Wydawnictwa Naukowe / Polska Akademia Nauk. Instytut Ochrony Przyrody, _x0081-6760 ; _v36 |
|
| 500 | _aTyt. równol.: Importance of national parks for conservation of vegetation and landscape in Poland. | ||
| 500 | _aStreszcz. ang. | ||
| 504 | _aBibliogr. s.76-84. | ||
| 650 | 9 |
_aRezerwaty i |parki narodowe _xochrona _zPolska |
|
| 700 | 1 |
_aDenisiuk, Zygmunt _d(1931- ). |
|
| 830 | 0 |
_aStudia Naturae. Seria A - Wydawnictwa Naukowe (Polska Akademia Nauk. Instytut Ochrony Przyrody) ; _v36 |
|
| 040 | _cBPK | ||
| 041 | 0 |
_apl _ben |
|
| 080 | _a502.6/.7(438) | ||
| 942 | _cKS | ||
| 008 | s pl f |000 0 pol | ||
| 999 |
_c39372 _d39372 |
||
| 856 |
_uhttp://koha.tu.koszalin.pl/cgi-bin/koha/opac-detail.pl?biblionumber=39372 _yKatalog online BPK |
||